LEADER 01260nam a2200289 4500 001 000000363091 003 CaOOAMICUS 005 20250612141611.0 008 250609s2024 it 000 u ita r 020 $a9771827970470* 040 $aSeMil$bita 100 1 $aBarbero, Alessandro,$d<1959- >.$0(OLS)http://semarc/name/89980 245 10$aBenedette guerre :$bcrociate e jihad /$cAlessandro Barbero. 264 1$aMilano :$bRCS MediaGroup,$c2024. 300 $a93 p. ;$c21 cm 490 1 $aI documenti del Corriere della sera ;$v9 650 4$aGuerra .$0(OLS)http://semarc/subject/57839 650 4$aJih?d - Storia.$0(OLS)http://semarc/subject/25497 650 4$aCrociate - Idea.$0(OLS)http://semarc/subject/48339 830 2$aI documenti del Corriere della sera ;$v9.$0(OLS)http://semarc/title/400403 850 $aSeMil 852 $aSeMil$W1$xVenegono$y1$m3T II 102$j258451$B253964$CSeMilBibl$Z2$F253964 $81 961 $aCaspani Maurizio - Lascito 996 $6020$a9771827970470*$9(OLS)http://semarc/number/303318 996 $6245$aBenedette guerre :$bcrociate e jihad$9(OLS)http://semarc/title/454206 996 $6264$aMilano :$bRCS MediaGroup$9(OLS)http://semarc/publisher/37594 LEADER 01050nam a2200241 i 4500 001 000000186474 003 CaOOAMICUS 005 20150914000000.0 008 150914s1951 it u000 u ita u 013 $a164522 040 $aSeMil$bita 245 10$aEsame sui doveri del sacerdote verso Gesł eucaristico :$bcon l'aggiunta di un esame sulla Caritą fraterna. 260 $aRoma :$bLucere et Ardere,$cimprim. 1951. 300 $a48 p. ;$c15 cm. 500 $aFondo card. Giovanni Colombo. 650 4$aCaritą - Meditazioni.$0(OLS)http://semarc/subject/17833 650 4$aEucaristia - Sacerdozio.$0(OLS)http://semarc/subject/35156 850 $aSeMil 852 $aSeMil$W1$xVenegono$y1$m3GC VIII 211/45$j137161$B137161$CSeMilBibl$Z2$F148732 $8B 941 1 $a3 961 $aLascito: Colombo Card. Giovanni 996 $6245$aEsame sui doveri del sacerdote verso Gesł eucaristico :$bcon l'aggiunta di un esame sulla Caritą fraterna$9(OLS)http://semarc/title/268072 996 $6260$aRoma :$bLucere et Ardere$9(OLS)http://semarc/publisher/34612